000 00796cab a22001935a 4500
001 L139882
008 070816e20050822xxk f 000 0 eng d
035 _a(Sirsi) u139882
041 0 _aeng
100 1 _aGordon, Warren
245 0 0 _aMaking commercial sense
260 _c2005
490 0 _aProperty Week
_v70(29) 22 August 2005, 53(1)
520 _aLittman and Young v Aspen Oil: summing up. The High Court corrected an absurdly drafted break clause in a lease so that a tenant was required to perform its obligations before it could break the lease.
650 2 4 _aLITTMAN AND ANOTHER V ASPEN OIL (BROKING) LTD
651 4 _aEngland and Wales
_y1543-
690 _aPROPERTY-COMMERCIAL PROPERTY-COMMERCIAL LANDLORD AND TENANT-COMMERCIAL LEASES-VARIATION OF COMMERCIAL LEASES
942 _n0
999 _c79122
_d79122